000 01101nam2a22002411 4500
001 RU\NLR\INFOCOMM16\1000002044
005 20250617135734.0
035 _a(NLR Aleph) 002646503
090 _a3831958
_c3831958
100 _a20031223d1966 |||y0rusy50 ca
101 0 _arus
102 _aRU
105 _ay |||||||||
200 1 _aСамодельные приборы и приспособления для работы прокурора-криминалиста
210 _d1966
_aБ. м.
461 0 _1001RU\NLR\INFOCOMM16\1000002033
_12001#$aВ помощь прокурору-криминалисту$fВсесоюз.науч.-исслед.ин-т криминалистики Прокуратуры СССР$vВып.№11
_93831864
_cМ.
_d1961-
_fВсесоюз.науч.-исслед.ин-т криминалистики Прокуратуры СССР
_tВ помощь прокурору-криминалисту
_vВып.№11
801 1 _aRU
_bInfoComm
_c20031223
801 0 _aRU
_bNLR
_gPSBO
852 _aNLR
_jП22/2660
942 _cISSUE
980 _aNB
980 _aRUSPER